[Event "Cto. Autonómico por Equipos 2007"]
[Site "Aragón"]
[Date "2007.02.10"]
[Round "3.31"]
[White "Garcia Estruch Jorge"]
[Black "Pellicer Cemeli Jose Luis"]
[Result "0-1"]
[WhiteElo "1964"]
[BlackElo "2043"]

1.e4 d5 2.exd5 Qxd5 3.Nc3 Qd8 4.Nf3 Bg4 5.Be2 Nf6 6.O-O e6 7.d4 c6 8.Bf4 Bb4
9.Ne5 Bxe2 10.Nxe2 Nbd7 11.Nd3 Be7 12.Re1 O-O 13.Ng3 Qb6 14.Ne5 Nxe5 15.Bxe5
Rad8 16.Qe2 Nd7 17.Nh5 Nxe5 18.dxe5 Qb4 19.c3 Qh4 20.Rad1 Rxd1 21.Rxd1 Rd8 22.
Rxd8+ Bxd8 23.g3 Qg5 24.Nf4 Bc7 25.Nd3 Bb6 26.c4 h6 27.c5 Bxc5 28.h4 Qe7 29.
Qc2 Bb6 30.b4 Qd7 31.a4 Qd5 32.a5 Bd4 33.Qe2 c5 34.bxc5 Bxc5 35.Qc2 b6 36.Qc3
Qc6 37.Kh2 Qf3 38.Qc2 Qd5 39.f4 Qd4 40.Kg2 h5 41.Kf3 Qe3+ 42.Kg2 Qg1+ 43.Kf3
Qh1+ 44.Qg2 Qd1+ 45.Qe2 Qh1+ 46.Qg2 Qxg2+ 47.Kxg2 Kf8 48.Kf3 Ke7 49.Ke4 g6 50.
Nxc5 bxc5 51.Kd3 Kd7 52.Kc4 Kc6 0-1

[Event "Cto. Autonómico por Equipos 2007"]
[Site "Aragón"]
[Date "2007.02.10"]
[Round "3.32"]
[White "Landa Galindo Victor"]
[Black "Martin Fernando"]
[Result "1/2-1/2"]
[WhiteElo "1967"]
[BlackElo "1900"]

1.e4 c5 2.Nf3 Nc6 3.d4 cxd4 4.c3 d3 5.Bxd3 d6 6.Be3 Nf6 7.h3 g6 8.c4 b6 9.Nc3
Bg7 10.O-O O-O 11.Rc1 Bb7 12.Qd2 Rc8 13.Rfd1 Nd7 14.b3 Nc5 15.Bb1 Re8 16.Nd4
Nxd4 17.Bxd4 Bxd4 18.Qxd4 Ne6 19.Qe3 Rc5 20.f4 Qb8 21.Nd5 Ng7 22.f5 Bxd5 23.
Rxd5 Rxd5 24.cxd5 Rc8 25.fxg6 Rxc1+ 26.Qxc1 hxg6 1/2-1/2

[Event "Cto. Autonómico por Equipos 2007"]
[Site "Aragón"]
[Date "2007.02.10"]
[Round "3.34"]
[White "Cobo Israel"]
[Black "Gimeno Oteo Marco Antonio"]
[Result "0-1"]
[WhiteElo "1969"]
[BlackElo "2156"]

1.e4 e5 2.Nf3 f5 3.Nxe5 Qf6 4.d4 d6 5.Nc4 fxe4 6.Nc3 Qg6 7.Bf4 Nf6 8.d5 Be7 9.
Qd4 O-O 10.Ne3 Nh5 11.Bg3 Bf6 12.Qc4 b5 13.Nxb5 Nxg3 14.hxg3 Bxb2 15.Rb1 Qf6
16.Nd1 Be5 17.Nxc7 Bd4 18.Nxa8 Ba6 19.Qc7 Bxf2+ 20.Nxf2 Qxf2+ 21.Kd1 e3 22.Kc1
Qd2+ 23.Kb2 Rc8 24.Bxa6 Rxc7 25.Nxc7 Qb4+ 26.Kc1 Qd2+ 27.Kb2 Qa5 28.Bd3 Qxc7
29.Bxh7+ Kf7 30.Rbf1+ Ke7 31.Rh4 Qb6+ 32.Kc1 Nd7 33.Rg4 g5 34.Re4+ Ne5 35.Re1
Qa5 36.R1xe3 Qxa2 37.Bg8 Kf8 38.Be6 Nc4 39.Rb3 Qa1+ 40.Rb1 Qc3 41.Re2 Qxg3 42.
Rb8+ Kg7 43.Kb1 Qf4 44.Rg8+ Kh7 45.Re1 Nd2+ 46.Kb2 Qb4+ 47.Kc1 Nb3+ 48.cxb3
Qxe1+ 49.Kb2 Qe2+ 50.Ka3 Qxg2 51.Rc8 g4 52.Rc6 Qg1 53.Ka4 g3 54.Rxd6 g2 55.
Rd7+ Kh6 56.Bh3 Qa1+ 0-1

[Event "Cto. Autonómico por Equipos 2007"]
[Site "Aragón"]
[Date "2007.02.10"]
[Round "3.35"]
[White "Gutierrez Minguenza Ruben"]
[Black "Sanz Lopez R"]
[Result "1/2-1/2"]
[WhiteElo "2080"]
[BlackElo "1944"]

1.d4 d5 2.c4 e6 3.Nc3 c6 4.e3 Bd6 5.Nf3 f5 6.Bd3 Nf6 7.O-O O-O 8.Qc2 Ne4 9.b3
Bd7 10.Ne5 Be8 11.f3 Nxc3 12.Qxc3 Nd7 13.Nxd7 Bxd7 14.a4 Qh4 15.f4 Qe7 16.Bb2
g5 17.Qc1 g4 18.Ba3 h5 19.Bxd6 Qxd6 20.c5 Qe7 21.b4 a6 22.Qb2 Rfb8 23.Rfb1 Qd8
24.Qc3 Kf8 25.Rb2 Ra7 26.Rab1 Rba8 27.Qe1 h4 28.Qe2 Be8 29.Qc2 Bd7 30.Be2 Be8
31.Rf1 Qf6 32.Rfb1 Qd8 33.b5 axb5 34.axb5 Ra3 35.Qd2 Ra1 36.Kf2 Rxb1 37.Rxb1
Qa5 38.Qxa5 Rxa5 1/2-1/2

[Event "Cto. Autonómico por Equipos 2007"]
[Site "Aragón"]
[Date "2007.02.10"]
[Round "3.36"]
[White "Gayan Miguel Angel"]
[Black "Baldellou Vicente Roberto"]
[Result "1/2-1/2"]
[WhiteElo "1917"]
[BlackElo "2033"]

1.d4 d5 2.c4 e6 3.Nc3 c6 4.e3 f5 5.Nf3 Nf6 6.Be2 Bd6 7.O-O O-O 8.Qc2 Bd7 9.b3
Be8 10.Bb2 Ne4 11.Ne5 Qh4 12.Nxe4 fxe4 13.f4 exf3 14.Rxf3 Rxf3 15.Bxf3 Nd7 16.
Qf2 Qxf2+ 17.Kxf2 Nxe5 18.dxe5 Bc7 19.Ke2 Bg6 20.Rc1 Bb6 21.Bd4 Kf7 22.Bg4
dxc4 23.Rxc4 Rd8 24.Bxb6 axb6 25.Rd4 Rxd4 26.exd4 Be4 27.g3 Bd5 28.Ke3 Kg6 29.
Kf4 h6 30.Bd1 Kf7 31.Kg4 b5 32.a3 g6 33.b4 1/2-1/2

[Event "Cto. Autonómico por Equipos 2007"]
[Site "Aragón"]
[Date "2007.02.10"]
[Round "3.37"]
[White "Valles Mata David"]
[Black "Hinojar Basa Alfonso"]
[Result "0-1"]
[WhiteElo "2130"]
[BlackElo "2207"]

1.e4 e6 2.d4 d5 3.Nc3 Bb4 4.e5 c5 5.a3 Bxc3+ 6.bxc3 Ne7 7.Qg4 Qc7 8.Qxg7 Rg8
9.Qxh7 cxd4 10.Ne2 Nbc6 11.f4 Bd7 12.Qd3 dxc3 13.Rb1 O-O-O 14.h4 Nf5 15.h5 d4
16.Rg1 Rg4 17.g3 Nce7 18.Bh3 Rgg8 19.g4 Nh4 20.Qg3 Ba4 21.Rb4 Bxc2 22.Qxh4 Nf5
23.Qf2 d3 24.Nxc3 Qxc3+ 25.Qd2 Qc5 26.Rg2 Nd4 27.Kf1 Nb3 28.Qe3 Qxe3 29.Bxe3
d2 30.Bxd2 Nxd2+ 31.Ke1 Nf3+ 32.Kf2 Bd1 33.Rb1 Nh4 34.Rg1 Rd2+ 35.Ke3 Rgd8 36.
Bf1 Ba4 37.h6 Bc6 38.h7 Rh2 39.Rc1 Ng6 40.f5 Nxe5 41.Kf4 Nd7 42.fxe6 fxe6 43.
Bd3 Rf2+ 44.Kg5 Ne5 45.Be4 Kb8 46.Bxc6 bxc6 47.Rh1 Nf7+ 48.Kh4 Rh8 49.Kg3 Ra2
50.Rxc6 Rxa3+ 51.Kf4 Ra4+ 52.Kg3 Ng5 53.Rb1+ Ka8 54.Rb5 Nxh7 55.Rxe6 Rc4 56.
Re7 Nf6 57.g5 Ne4+ 58.Kf3 Nd6 59.Rd5 Nc8 60.Rf7 Rh3+ 61.Kg2 Rb3 62.Rf2 Kb7 63.
Rdf5 Kb6 64.Rf6+ Kb5 65.g6 a5 66.R6f5+ Kb4 67.Rg5 Ne7 68.g7 Ng8 69.Rf8 Rc2+
70.Kh1 Rb1+ 71.Rg1 Rxg1+ 72.Kxg1 Nh6 73.Rf6 Rc7 74.Rxh6 Rxg7+ 75.Kf2 Re7 76.
Rb6+ Ka3 77.Rb8 a4 78.Rb6 Ka2 79.Rb8 a3 80.Rb6 Ka1 81.Ra6 a2 82.Rb6 Rc7 83.Ke2
Rc1 84.Kd2 Rb1 85.Ra6 Kb2 86.Rb6+ Ka3 87.Ra6+ Kb3 88.Rb6+ Kc4 0-1

[Event "Cto. Autonómico por Equipos 2007"]
[Site "Aragón"]
[Date "2007.02.10"]
[Round "3.38"]
[White "Fabre Perez Jose Maria"]
[Black "Guetas Sanchez Hugo"]
[Result "1/2-1/2"]
[WhiteElo "2089"]
[BlackElo "2085"]

1.e4 d5 2.exd5 Nf6 3.d4 Bg4 4.Nf3 Qxd5 5.Be2 Nc6 6.h3 Bxf3 7.Bxf3 Qd7 8.c3
O-O-O 9.Qa4 Qe6+ 10.Be3 Nd5 11.O-O Nxe3 12.fxe3 Qxe3+ 13.Kh1 e6 14.Bxc6 bxc6
15.Na3 Bd6 16.Rf3 Qe4 17.Qa6+ Kd7 18.Rxf7+ Ke8 19.Raf1 Rd7 20.R7f3 Qd5 21.Nc4
Rd8 22.a4 c5 23.Qb5+ Rd7 24.Qb8+ Rd8 25.Qb5+ Rd7 26.dxc5 Qxc5 27.Nxd6+ cxd6
28.Qb8+ Rd8 29.Qb7 Rd7 30.Qa8+ Rd8 31.Qe4 e5 32.Qg4 Rd7 33.Qh5+ g6 34.Qh6 d5
35.Qg5 Qe7 36.Qe3 Qe6 37.Rf6 Qe7 38.Rc6 Rc7 39.Rxc7 Qxc7 40.Re1 Kd7 41.c4 dxc4
42.Rd1+ Kc8 43.Qe4 Kb8 44.Rc1 Rc8 45.Rc3 Qc5 46.Re3 Qd4 47.Qxe5+ Qxe5 48.Rxe5
c3 49.Rb5+ Ka8 50.bxc3 Rxc3 51.Kh2 Ra3 52.a5 Rc3 53.h4 a6 54.Re5 Kb7 55.h5 Kc6
56.hxg6 hxg6 57.Rg5 Rc5 58.Rxg6+ Kb5 59.g4 Kxa5 60.g5 Kb5 61.Kg3 a5 62.Rg8 a4
63.Rb8+ Kc4 64.Kf4 Rxg5 65.Kxg5 a3 66.Kf4 a2 67.Ra8 Kb3 68.Ke3 Kb2 69.Kd2 a1=R
1/2-1/2

[Event "Cto. Autonómico por Equipos 2007"]
[Site "Aragón"]
[Date "2007.02.10"]
[Round "3.39"]
[White "Escuer Sanchez Nestor"]
[Black "Gaspar Calvo Luis Alberto"]
[Result "1-0"]
[WhiteElo "2061"]
[BlackElo "1930"]

1.e4 e5 2.Nf3 Nc6 3.Bc4 Nf6 4.Ng5 d5 5.exd5 Na5 6.Bb5+ c6 7.dxc6 bxc6 8.Be2 h6
9.Nf3 e4 10.Ne5 Bd6 11.d4 exd3 12.Nxd3 Qc7 13.h3 O-O 14.O-O Bf5 15.Nc3 Rad8
16.b3 Rfe8 17.Bb2 Nb7 18.Qd2 Nc5 19.Rae1 Nce4 20.Nxe4 Nxe4 21.Qc1 Qb6 22.Bf3
Ng3 23.Rxe8+ Rxe8 24.Re1 Rd8 25.Qe3 Qxe3 26.Rxe3 Bxd3 27.Rxd3 Nf5 28.g4 Nh4
29.Bxc6 Bc7 30.Rxd8+ Bxd8 31.c4 f5 32.b4 fxg4 33.hxg4 Ng6 34.Bd4 Ne7 35.Be4
Bb6 36.c5 Bc7 37.b5 Kf7 38.c6 Nc8 39.a4 g5 40.Bc3 Nd6 41.Bd3 Ke6 42.Bg7 Kd5
43.Bxh6 Kd4 44.Bg6 Kc4 45.Bxg5 Kb3 46.Be7 Kxa4 47.Bxd6 Bxd6 48.Bd3 Ka5 49.g5
Kb6 50.Kg2 a5 51.bxa6 Kxc6 52.g6 Bf8 53.Kh3 Bg7 54.Kg4 Kc7 55.Kg5 Kb6 56.f4
1-0

[Event "Cto. Autonómico por Equipos 2007"]
[Site "Aragón"]
[Date "2007.02.10"]
[Round "3.40"]
[White "Ruiperez Ramon"]
[Black "Andreu Sin Raul"]
[Result "0-1"]
[WhiteElo "1625"]
[BlackElo "2041"]

1.e4 e5 2.f4 Nc6 3.Nf3 d6 4.Bc4 Nf6 5.Nc3 Be7 6.f5 Nxe4 7.Nxe4 d5 8.Bb5 dxe4
9.Nxe5 Qd5 10.Bxc6+ bxc6 11.Ng4 Qxf5 12.Ne3 Qg6 13.O-O O-O 14.b3 f5 15.d4 f4
16.Nc4 Bh3 17.Qd2 f3 18.Ne5 Qxg2+ 19.Qxg2 fxg2 20.Rxf8+ Rxf8 0-1

[Event "Cto. Autonómico por Equipos 2007"]
[Site "Aragón"]
[Date "2007.02.10"]
[Round "3.41"]
[White "Galvez Perez Jose Luis"]
[Black "Glavina Rossi Pablo"]
[Result "0-1"]
[WhiteElo "2125"]
[BlackElo "2452"]

1.d4 Nf6 2.Nf3 d5 3.e3 c5 4.b3 Nc6 5.Bd3 Bg4 6.Bb2 cxd4 7.exd4 e6 8.O-O Be7 9.
Nbd2 O-O 10.a3 Rc8 11.Re1 Qd6 12.Nf1 Qf4 13.Re3 Ne4 14.Qe1 f5 15.c4 Qh6 16.
N1d2 Bd6 17.Ne5 Nxe5 18.Bxe4 fxe4 19.dxe5 Bc5 20.Nf1 Bxe3 21.Nxe3 Qh4 22.cxd5
exd5 23.Qd2 Be6 24.Rd1 Rf7 25.g3 Qh5 26.Ng2 Qf3 27.Nh4 Qxb3 0-1

[Event "Cto. Autonómico por Equipos 2007"]
[Site "Aragón"]
[Date "2007.02.10"]
[Round "3.42"]
[White "Gimenez Martinez Alberto"]
[Black "Vera Aranjuelo Jesus Maria"]
[Result "1/2-1/2"]
[WhiteElo "2066"]
[BlackElo "2114"]

1.e4 c6 2.d4 d5 3.exd5 cxd5 4.c4 Nf6 5.Nc3 Nc6 6.Nf3 Bg4 7.cxd5 Nxd5 8.Qb3
Bxf3 9.gxf3 e6 10.Qxb7 Nxd4 11.Bb5+ Nxb5 12.Qc6+ Ke7 13.Qxb5 Qd7 14.Nxd5+ Qxd5
15.Bg5+ f6 16.Qxd5 exd5 17.Be3 Ke6 18.O-O-O Bb4 19.Kb1 Rhd8 20.Rd3 Rd7 21.Rc1
Rad8 22.a3 Bd6 23.Re1 Bc7 24.Bxa7+ Kf5 25.Bc5 Bxh2 26.Rh1 Bf4 27.b4 g5 28.Kb2
Kg6 29.a4 h5 30.Kb3 g4 31.fxg4 hxg4 32.b5 Kf5 33.a5 Ke4 34.Kc3 Be5+ 35.Kd2 d4
36.Re1+ Kd5 37.Bb6 Rc8 38.Rb1 Ke4 39.Re1+ Kd5 40.Rb1 Ke4 41.Re1+ 1/2-1/2

[Event "Cto. Autonómico por Equipos 2007"]
[Site "Aragón"]
[Date "2007.02.10"]
[Round "3.43"]
[White "Lucea Valero Alejandro"]
[Black "Ananos Palacios David"]
[Result "1-0"]
[WhiteElo "1970"]
[BlackElo "2009"]

1.Nf3 d5 2.c4 e6 3.g3 Nf6 4.Bg2 Be7 5.O-O O-O 6.b3 c6 7.Bb2 Nbd7 8.d4 b6 9.Nc3
Bb7 10.Nd2 c5 11.e3 Rc8 12.Rc1 Re8 13.cxd5 Nxd5 14.Nxd5 exd5 15.Nf3 Nf6 16.Nd2
Bf8 17.Qf3 Ne4 18.Nxe4 dxe4 19.Qg4 Qf6 20.Ba1 Qg6 21.Qxg6 hxg6 22.Rfd1 cxd4
23.Bxd4 Ba3 24.Rxc8 Rxc8 25.Bf1 Rc2 26.Bc4 Bc8 27.Be5 Kh7 28.Bxf7 Bg4 29.Rb1
Rxa2 30.b4 Rd2 31.b5 Bc5 32.h4 Be2 33.Be8 Bd3 34.Ra1 Bc4 35.Bc6 Bd5 36.Rxa7
Rd1+ 37.Kg2 Bf8 38.Bd4 Bc4 39.Bxe4 Bxb5 40.h5 Kh6 41.hxg6 Bf1+ 42.Kf3 Re1 43.
Rf7 Be2+ 44.Kg2 Bf1+ 45.Kh2 Bd6 46.Bxg7+ Kh5 47.Bf8 Bc4 48.Rh7+ Kg4 49.Bxd6
1-0

[Event "Cto. Autonómico por Equipos 2007"]
[Site "Aragón"]
[Date "2007.02.10"]
[Round "3.44"]
[White "Moreno Gracia David"]
[Black "Garcia Lopez Alberto J"]
[Result "1-0"]
[WhiteElo "1965"]
[BlackElo "1965"]

1.e4 d6 2.d4 Nf6 3.Nc3 g6 4.a3 Bg7 5.f4 O-O 6.Nf3 Bg4 7.Be3 c6 8.h3 Bxf3 9.
Qxf3 Qc7 10.Bc4 e6 11.e5 Nd5 12.Nxd5 cxd5 13.Bd3 dxe5 14.fxe5 Nc6 15.O-O a6
16.Qg4 Qb6 17.Rae1 Qxb2 18.Rb1 Qxa3 19.Rxb7 Ra7 20.Rxa7 Nxa7 21.h4 Nc6 22.h5
Ne7 23.hxg6 hxg6 24.Rf3 Rc8 25.Bg5 Qa1+ 26.Rf1 Qa3 27.Rf3 Qa1+ 28.Rf1 Qa3 29.
Rf3 Qb4 30.c3 Qa3 31.Qh4 Nf5 32.Bxf5 exf5 33.Rh3 Rc6 34.Be7 Qc1+ 35.Kh2 f6 36.
exf6 1-0

[Event "Cto. Autonómico por Equipos 2007"]
[Site "Aragón"]
[Date "2007.02.10"]
[Round "3.45"]
[White "Andres Terrado Miguel Angel"]
[Black "Malo Guillen Jose Luis"]
[Result "0-1"]
[WhiteElo "2124"]
[BlackElo "2198"]

1.e4 c5 2.Nf3 d6 3.d4 cxd4 4.Nxd4 Nf6 5.Nc3 g6 6.Be3 Bg7 7.f3 O-O 8.Qd2 Nc6 9.
Bc4 Bd7 10.O-O-O Rb8 11.h4 b5 12.Nxc6 Bxc6 13.Bd5 b4 14.Ne2 Bxd5 15.exd5 Qa5
16.Kb1 Rfc8 17.Nf4 Rb5 18.g4 Qa4 19.b3 Qa6 20.g5 Ne4 0-1

[Event "Cto. Autonómico por Equipos 2007"]
[Site "Aragón"]
[Date "2007.02.10"]
[Round "3.46"]
[White "Alonso Blasco Jose Miguel"]
[Black "Jaques Burguete Raul"]
[Result "0-1"]
[WhiteElo "2107"]
[BlackElo "2124"]

1.e4 Nc6 2.Nf3 d5 3.exd5 Qxd5 4.Nc3 Qa5 5.Bb5 Bd7 6.O-O O-O-O 7.Qe2 a6 8.Bxc6
Bxc6 9.d4 Nf6 10.Ne5 Be8 11.Be3 e6 12.a3 Nd5 13.Bd2 Qb6 14.Nxd5 Rxd5 15.c4 Rd8
16.Be3 f6 17.Nd3 Qc6 18.c5 g5 19.a4 Qe4 20.f3 Qg6 21.Rfd1 h5 22.b4 g4 23.f4
Bc6 24.b5 Bf3 25.Qe1 Bxd1 26.Rxd1 Qe4 27.Nf2 Qd5 28.Qa5 axb5 29.axb5 h4 30.b6
h3 31.gxh3 gxh3 32.Kf1 cxb6 33.Qxb6 Qc6 34.Qb4 Rg8 35.Ke2 Rg2 36.Ra1 Rxh2 37.
Ra7 Rxf2+ 38.Bxf2 h2 39.Qa5 Be7 40.Ra8+ Kd7 41.d5 exd5 42.Rxd8+ Bxd8 0-1

[Event "Cto. Autonómico por Equipos 2007"]
[Site "Aragón"]
[Date "2007.02.10"]
[Round "3.47"]
[White "Garcia Fernandez Javier"]
[Black "Querol Soro Sergio"]
[Result "1/2-1/2"]
[WhiteElo "2095"]
[BlackElo "1979"]

1.e4 d6 2.d4 g6 3.Nc3 Bg7 4.f4 Nf6 5.Nf3 O-O 6.Bd3 c6 7.O-O Qb6 8.Kh1 Bg4 9.
Be2 Nbd7 10.e5 Nd5 11.h3 Bf5 12.g4 Nxc3 13.bxc3 Be4 14.Kh2 Bxf3 15.Rxf3 Rad8
16.Qe1 f5 17.Qh4 dxe5 18.Bc4+ Kh8 19.dxe5 Nxe5 20.fxe5 Bxe5+ 21.Bf4 Rd2+ 22.
Kh1 Bxf4 23.Rxf4 Qe3 24.gxf5 g5 25.Qxg5 Qxh3+ 26.Kg1 Qe3+ 1/2-1/2

[Event "Cto. Autonómico por Equipos 2007"]
[Site "Aragón"]
[Date "2007.02.10"]
[Round "3.48"]
[White "Tirapo Larcuen Ana"]
[Black "Pellicer Coloma Pedro"]
[Result "1/2-1/2"]
[WhiteElo "1870"]
[BlackElo "2007"]

1.g3 d5 2.Bg2 Nf6 3.Nf3 Bf5 4.d3 h6 5.Nbd2 e6 6.O-O Be7 7.e3 O-O 8.Qe2 c5 9.e4
Bh7 10.Ne1 Nc6 11.c3 Re8 12.f4 b5 13.Nc2 Rc8 14.g4 c4 15.d4 Bf8 16.g5 hxg5 17.
fxg5 Nd7 18.Qf3 Qe7 19.Ne3 Nb6 20.exd5 exd5 21.Nxd5 Nxd5 22.Qxd5 Bd3 23.Rf2
Qe1+ 24.Nf1 Re6 25.Bh3 Be4 26.Qd7 Bf5 27.Bxf5 Rd8 28.Qb7 Rb8 29.Qd7 Rd8 30.Qb7
1/2-1/2

[Event "Cto. Autonómico por Equipos 2007"]
[Site "Aragón"]
[Date "2007.02.10"]
[Round "3.50"]
[White "Quintin Navarro Alberto"]
[Black "Gonzalez Gambau Jorge"]
[Result "0-1"]
[WhiteElo "1907"]
[BlackElo "2020"]

1.e4 c6 2.d4 d5 3.e5 Bf5 4.Nc3 e6 5.g4 Bg6 6.Nge2 c5 7.Nf4 cxd4 8.Nb5 Nc6 9.h4
a6 10.Nd6+ Bxd6 11.exd6 Qxd6 12.Rh3 e5 13.h5 Be4 14.Ne2 Nb4 15.f3 Bxc2 0-1

[Event "Cto. Autonómico por Equipos 2007"]
[Site "Aragón"]
[Date "2007.02.10"]
[Round "3.49"]
[White "Horton Justin"]
[Black "Leon Fernandez Mario"]
[Result "1-0"]
[WhiteElo "2140"]
[BlackElo "2064"]

1.Nf3 d5 2.c4 e6 3.d4 Nf6 4.Bg5 Nbd7 5.Nc3 Be7 6.e3 O-O 7.Rc1 a6 8.c5 c6 9.Bd3
b6 10.cxb6 c5 11.O-O Bb7 12.Na4 c4 13.Bb1 Nxb6 14.Qc2 g6 15.Nxb6 Qxb6 16.Ne5
Rfd8 17.h4 Qd6 18.g4 Nd7 19.Bf4 Nxe5 20.Bxe5 Qd7 21.h5 Bd6 22.hxg6 fxg6 23.f4
Bxe5 24.fxe5 Rf8 25.g5 Rxf1+ 26.Rxf1 Rf8 27.Rf6 Rxf6 28.gxf6 Qe8 29.Qg2 Qf7
30.Bc2 Bc6 31.Kh2 Qf8 32.Qg5 Qf7 33.Kg3 a5 34.Kf4 Qb7 35.Qh6 Qd7 36.Bd1 Qf7
37.Bg4 Bd7 38.a3 Qf8 39.Qxf8+ Kxf8 40.e4 h5 41.Bf3 Bc6 42.exd5 Bxd5 43.Bd1 h4
44.Kg4 g5 45.Be2 Kf7 46.Bf1 Kg6 47.f7 Kxf7 48.Kxg5 Kg7 49.Kxh4 Kg6 50.Kg4 Kh6
51.Kf4 1-0

[Event "Cto. Autonómico por Equipos 2007"]
[Site "Aragón"]
[Date "2007.02.10"]
[Round "3.51"]
[White "Abos Rosico Antonio"]
[Black "Arregui Unotria Carlos"]
[Result "1/2-1/2"]
[WhiteElo "1957"]
[BlackElo "1827"]

1.e4 e5 2.Nf3 Nc6 3.Bc4 Nf6 4.d3 Be7 5.Nc3 d6 6.Be3 Na5 7.Bb3 Nxb3 8.axb3 a6
9.d4 exd4 10.Bxd4 O-O 11.Qd2 Be6 12.O-O-O b5 13.Rhe1 Qb8 14.Nd5 Bxd5 15.exd5
Re8 16.Qg5 h6 17.Qg3 Nh5 18.Qh3 Nf4 19.Qg4 Ng6 20.h4 Qc8 21.Qxc8 Raxc8 22.g3
Bf6 23.Bxf6 gxf6 24.Nd4 Kh7 25.c3 Ne5 26.Kc2 Ng4 27.Rxe8 Rxe8 28.Rd2 Re5 29.c4
bxc4 30.bxc4 Kg6 31.Kc3 Re1 32.b3 Ra1 33.Kb4 Ne5 34.c5 dxc5+ 35.Kxc5 Ra5+ 36.
Kb4 Rxd5 37.Kc3 c5 38.Nf3 Rxd2 39.Nxd2 Kf5 40.f3 h5 41.Kc2 Nc6 42.Kc3 Ne5
1/2-1/2

[Event "Cto. Autonómico por Equipos 2007"]
[Site "Aragón"]
[Date "2007.02.10"]
[Round "3.52"]
[White "Ananos Palacios Diego"]
[Black "Perez Puyal Jose J"]
[Result "0-1"]
[WhiteElo "1627"]
[BlackElo "1886"]

1.e4 d5 2.exd5 Qxd5 3.Nc3 Qa5 4.Be2 Nf6 5.Nf3 Bf5 6.O-O c6 7.d4 e6 8.Bf4 Nbd7
9.Bd3 Bg4 10.Be2 Bb4 11.Bd2 O-O 12.a3 Be7 13.Ne4 Qb6 14.Nxf6+ Nxf6 15.c3 Bf5
16.b4 Rfd8 17.Ne5 Ne4 18.f4 h6 19.g3 Bh3 20.Re1 Rxd4 21.Be3 Rxd1 22.Bxb6 Rxa1
23.Rxa1 axb6 24.g4 Bh4 25.Nd3 Rd8 26.Rc1 f5 27.Ne5 Bf2+ 28.Kh1 Be3 0-1

[Event "Cto. Autonómico por Equipos 2007"]
[Site "Aragón"]
[Date "2006.02.10"]
[Round "3.53"]
[White "Garcia Ramon Ricardo1"]
[Black "Veras Sanz Marino"]
[Result "1/2-1/2"]
[WhiteElo "2099"]
[BlackElo "2069"]

1.d4 d6 2.Nf3 g6 3.e4 Bg7 4.Nc3 Nf6 5.Be2 c5 6.dxc5 Qa5 7.O-O Qxc5 8.Be3 Qa5
9.Nd2 Nc6 10.Nc4 Qc7 11.h3 Be6 12.Qd2 O-O 13.Bh6 Bxh6 14.Qxh6 Nd4 15.Ne3 Nxe2+
16.Nxe2 Nxe4 17.Nf4 Qc5 18.h4 Qe5 19.Rfe1 Rae8 20.c3 Qf6 21.f3 Ng3 22.Ned5 Qf5
23.Qg5 Bxd5 24.Nxd5 f6 25.Nxe7+ Rxe7 26.Qxg3 Qc5+ 27.Qf2 Rfe8 28.Rxe7 Rxe7 29.
Qxc5 dxc5 30.Kf2 Rd7 31.Re1 Kf7 32.Re4 Rd2+ 33.Re2 Rxe2+ 34.Kxe2 Ke6 35.Ke3
Ke5 36.c4 g5 37.g4 h6 38.h5 f5 39.a3 a6 40.b3 b6 41.b4 fxg4 42.fxg4 cxb4 43.
axb4 a5 44.c5 axb4 45.cxb6 Kd6 46.Kd4 Kc6 47.Kc4 Kb7 1/2-1/2

[Event "Cto. Autonómico por Equipos 2007"]
[Site "Aragón"]
[Date "2007.02.10"]
[Round "3.54"]
[White "Hernandez Delgado Gabriel"]
[Black "Forcen Esteban Daniel"]
[Result "0-1"]
[WhiteElo "2049"]
[BlackElo "2083"]

1.Nf3 d6 2.d4 Nf6 3.b3 g6 4.Bb2 Bg7 5.Nbd2 O-O 6.e4 Nbd7 7.h3 c5 8.e5 Ne8 9.
Bc4 e6 10.dxc5 Nxc5 11.O-O dxe5 12.Nxe5 Nf6 13.Qe2 b6 14.a4 a5 15.Bb5 Bb7 16.
Bc6 Qc7 17.Bxb7 Qxb7 18.Qb5 Nd5 19.Bd4 Qc7 20.Ndf3 Rac8 21.c3 Rfd8 22.Rab1 Ne4
23.Rbc1 Ndxc3 24.Rxc3 Nxc3 25.Qxb6 Ne2+ 26.Kh1 Nxd4 0-1

[Event "Cto. Autonómico por Equipos 2007"]
[Site "Aragón"]
[Date "2007.02.10"]
[Round "3.55"]
[White "Martinez Cebolla Alberto"]
[Black "Labrador FM"]
[Result "1-0"]
[WhiteElo "2021"]
[BlackElo "2005"]

1.e4 e6 2.d4 d5 3.Nd2 Nf6 4.e5 Nfd7 5.f4 c5 6.c3 Nc6 7.Ndf3 cxd4 8.cxd4 f6 9.
Bd3 g5 10.Nxg5 Bb4+ 11.Kf1 fxg5 12.Qh5+ Kf8 13.Qh6+ Kf7 14.Nf3 Be7 15.f5 Qf8
16.Nxg5+ Bxg5 17.Qxe6+ Kg7 18.Bxg5 Qf7 19.Qxf7+ Kxf7 20.e6+ Ke8 21.exd7+ Bxd7
22.Re1+ Kf7 23.Kf2 Rae8 24.Rxe8 Rxe8 25.Be3 Nb4 26.Bb1 Bb5 27.Rd1 h5 28.h3 Rc8
29.g4 hxg4 30.hxg4 Rh8 31.Kg3 a5 32.Bf4 a4 33.g5 Bc4 34.g6+ Kg8 35.a3 Nc6 36.
f6 1-0

[Event "Cto. Autonómico por Equipos 2007"]
[Site "Aragón"]
[Date "2007.02.10"]
[Round "3.56"]
[White "Martin Barbero Roberto"]
[Black "Garcia Monterde Francisco Jose"]
[Result "1-0"]
[WhiteElo "1959"]
[BlackElo "1920"]

1.Nf3 d5 2.g3 Nf6 3.Bg2 Bg4 4.O-O e6 5.d4 Be7 6.Nbd2 O-O 7.Ne5 Bh5 8.Ndf3 c5
9.c3 Nc6 10.Nxc6 bxc6 11.Qa4 Qb6 12.e3 Rfc8 13.Ne5 Bd6 14.g4 Bxe5 15.gxh5 cxd4
16.exd4 Bd6 17.Qd1 e5 18.Bg5 Nd7 19.Qg4 Qc7 20.Bh3 Nf8 21.Bf6 Ne6 22.Qg2 Bf8
23.Bxe5 Qe7 24.Rae1 Re8 25.Bxg7 Bxg7 26.h6 Qf6 27.Bxe6 fxe6 28.hxg7 Re7 29.Re3
Rxg7 30.Rg3 Rxg3 31.hxg3 e5 32.dxe5 Qxe5 33.Qh3 c5 34.Qd7 Rf8 35.Rd1 Rf5 36.
Qc8+ Kg7 37.Qxc5 Qe2 38.Qd4+ Kg6 39.Rf1 Qf3 40.Qe3 Qg4 41.Re1 Qh3 42.Qe8+ 1-0

[Event "Cto. Autonómico por Equipos 2007"]
[Site "Aragón"]
[Date "2007.02.10"]
[Round "3.57"]
[White "Bayod Rubia Angel"]
[Black "Cantin Zaborras Valentin"]
[Result "0-1"]
[WhiteElo "2080"]
[BlackElo "2125"]

1.e4 c5 2.d4 cxd4 3.c3 Nf6 4.e5 Nd5 5.Qxd4 e6 6.Nf3 Nc6 7.Qe4 d6 8.Bc4 Be7 9.
O-O Nb6 10.Bb5 Qc7 11.Bf4 d5 12.Qe2 Bd7 13.Bd3 h6 14.Bg3 g5 15.Nd4 Nxd4 16.
cxd4 h5 17.f3 h4 18.Bf2 O-O-O 19.Nc3 Kb8 20.Rfc1 Rc8 21.a4 Nxa4 22.Be3 Nxc3
23.bxc3 h3 24.g3 f5 25.Qa2 b6 26.Ba6 f4 27.Bxc8 Bxc8 28.Bf2 fxg3 29.Bxg3 Rf8
30.Qe2 Bb7 31.Qe3 Bd8 32.Ra2 Qf7 33.Rf2 Qf5 34.Qe2 Qg6 35.Ra1 Rf5 36.Qf1 Qh7
37.Raa2 Rf7 38.Qb5 Rc7 39.Rac2 Bc6 40.Qe2 Ba4 41.Rc1 Bb3 42.f4 Kb7 43.Qg4 gxf4
44.Qxf4 a5 45.Qg4 Re7 46.Rf8 Bc7 47.Rf3 a4 48.Rf6 Qe4 49.Qxe4 dxe4 50.Ra1 b5
51.Rh6 Ba5 52.Be1 Rg7+ 53.Kh1 e3 54.Bg3 Bxc3 55.Rb1 Bxd4 56.Rxh3 Bd5+ 57.Kg1
e2# 0-1

[Event "Cto. Autonómico por Equipos 2007"]
[Site "Aragón"]
[Date "2007.02.10"]
[Round "3.58"]
[White "Lopez Guaita Fernando"]
[Black "Valiente Roy Jose Javier"]
[Result "1/2-1/2"]
[WhiteElo "2079"]
[BlackElo "2066"]

1.d4 d5 2.c4 e6 3.Nc3 Nf6 4.cxd5 exd5 5.Bg5 Be7 6.e3 O-O 7.Bd3 Nbd7 8.Nf3 Re8
9.h3 b6 10.Bxf6 Nxf6 11.Bb5 Bd7 12.Bxd7 Qxd7 13.Ne5 Qe6 14.O-O a6 15.Ne2 c5
16.Nf4 Qd6 17.Rc1 c4 18.Nh5 b5 19.Ng3 Bf8 20.Qf3 Qe6 21.Ne2 Bd6 22.Nf4 Qf5 23.
g4 Qe4 24.Qxe4 dxe4 25.g5 Bxe5 26.dxe5 Nd7 27.e6 fxe6 28.g6 Ne5 29.gxh7+ Kxh7
30.Nh5 Nd3 31.Rc2 Kg6 32.Ng3 Rh8 33.Kg2 Rh4 34.b3 Ne5 35.Rd1 cxb3 36.axb3 Nd3
37.Rc6 Kf7 38.Rc7+ Kg6 39.Nxe4 Ne1+ 40.Rxe1 Rxe4 41.Kf3 Rb4 42.Rg1+ Kf6 43.
Rgxg7 Rxb3 44.Kf4 Rb4+ 45.e4 e5+ 46.Kf3 Rb3+ 47.Kg4 a5 48.Rgf7+ Ke6 49.Rfe7+
Kd6 50.Red7+ Ke6 51.Rg7 Kd6 52.Rgd7+ Ke6 53.Re7+ Kf6 54.Rf7+ Ke6 55.Rg7 Kd6
1/2-1/2

[Event "Cto. Autonómico por Equipos 2007"]
[Site "Aragón"]
[Date "2007.02.10"]
[Round "3.59"]
[White "Bailo Remacha Santiago"]
[Black "Gutierrez Barrachina Jose A"]
[Result "1-0"]
[WhiteElo "2039"]
[BlackElo "1983"]

1.b3 e5 2.Bb2 d6 3.g3 f5 4.Bg2 Nf6 5.e3 Nc6 6.Ne2 g6 7.f4 Bg7 8.fxe5 dxe5 9.
O-O Nd5 10.c4 Ndb4 11.d4 O-O 12.a3 Na6 13.b4 Nab8 14.d5 Ne7 15.c5 Kh8 16.Qb3
c6 17.d6 Ng8 18.Nd2 Qe8 19.Nf3 h6 20.Rad1 Be6 21.Qc3 Nd7 22.Nf4 Bf7 23.Nd3 Kh7
24.Nfxe5 Qe6 25.e4 fxe4 26.Bxe4 Rae8 27.Nxg6 Bxc3 28.Nxf8+ Kh8 29.Bxc3+ Qf6
30.Bxf6+ Ndxf6 31.Ng6+ Kg7 32.Nde5 Bxg6 33.d7 Rxe5 34.d8=Q Nxe4 35.Qf8+ Kh8
36.Rd7 Nf6 37.Qg7# 1-0

[Event "Cto. Autonómico por Equipos 2007"]
[Site "Aragón"]
[Date "2007.02.10"]
[Round "3.60"]
[White "Sanmartin Agustin Alvaro"]
[Black "Dominguez Castillo Alejandro"]
[Result "1-0"]
[WhiteElo "1851"]
[BlackElo "1794"]

1.e4 c5 2.Nf3 d6 3.d4 cxd4 4.Qxd4 Nc6 5.Bb5 Bd7 6.Bxc6 bxc6 7.Nc3 e6 8.Bg5 Qb6
9.O-O Qxd4 10.Nxd4 Be7 11.Bxe7 Nxe7 12.Rad1 d5 13.e5 O-O 14.Nb3 Rfb8 15.Nc5
Bc8 16.b3 a5 17.f4 Nf5 18.Rf3 Rb4 19.g4 Nd4 20.Rf2 Nb5 21.N3a4 Nc7 22.Nd3 Rbb8
23.f5 Na6 24.a3 Rb5 25.f6 g6 26.g5 Rab8 27.h4 R5b7 28.h5 Rc7 29.hxg6 fxg6 30.
Ndc5 Nxc5 31.Nxc5 Rb5 32.Ne4 dxe4 33.Rd8+ Kf7 34.Rh2 h5 35.gxh6 Rd7 36.Rxd7+
Bxd7 37.h7 Rb8 38.Rd2 Rh8 39.Rxd7+ Ke8 40.Ra7 1-0

[Event "Cto. Autonómico por Equipos 2007"]
[Site "Aragón"]
[Date "2007.02.10"]
[Round "3.61"]
[White "Gracia Suarez Jesus"]
[Black "Peris Gerardo"]
[Result "1-0"]
[WhiteElo "2129"]
[BlackElo "1899"]

1.e4 e6 2.d3 d5 3.Nd2 c5 4.Ngf3 Nc6 5.g3 Nf6 6.Bg2 Be7 7.O-O O-O 8.Re1 b6 9.e5
Nd7 10.Nf1 Bb7 11.h4 Re8 12.N1h2 f6 13.exf6 Bxf6 14.Ng4 e5 15.Ng5 Nf8 16.c4
Nd4 17.cxd5 Bxd5 18.Ne4 Bxe4 19.Bxe4 Rc8 20.Bd2 a5 21.Rc1 Rc7 22.Ne3 Kh8 23.
Qh5 g6 24.Qg4 Bg7 25.Kg2 Rf7 26.h5 gxh5 27.Qxh5 Qf6 28.Ng4 Qe6 29.Rh1 Nf5 30.
Bc3 Qg6 31.Rce1 Qxh5 32.Rxh5 Nd4 33.Reh1 Bf6 34.Bd5 Nde6 1-0